000 00544nam a2200157 a 4500
008 120416s1989 ||||||||||||||||| || u
020 _a0844815691
050 _aTN 145 Den
100 _aDennen, William H
245 1 0 _aMineral resources
246 _ageology, exploration, and development
260 _aNew York
_bTaylor & Francis
_c1989
300 _ax, 255p. : ill.
350 _a0.00
995 _D0.00
_FCBU-MAIN LIBRARY (Kitwe)
_H1
_I47.00
_UAVAILABLE
_ZAnnex Low-Usage Collection
999 _c51268
_d51268